Export Ready — 

Egypt of the Egyptians /

Saved in:

Main Author: Balls, William Lawrence, 1882-1960 (Author)

Format: Book

Language: English

Published: New York [etc.] : Charles Scribner's sons, 1915.

Subjects:

Tags: Add Tag

No Tags, Be the first to tag this record!

Call Number: DT46 .B3 1915

LEADER 00774namaa2200241 4500
001 18905
003 OSt
005 20260318120721.0
008 130303s1915 nyubcf 000 0 eng d
010 |a 16026221 
040 |c ARCE Library 
043 |a f-ua--- 
050 4 |a DT46 .B3 1915 
100 1 |a Balls, William Lawrence,   |d 1882-1960,  |e author  |9 26165 
245 1 0 |a Egypt of the Egyptians /   |c by William Lawrence Balls. 
264 1 |a New York [etc.] :   |b Charles Scribner's sons,   |c 1915. 
300 |a xvi, 266 pages :   |b portraits, plates, maps (1 folded) ;   |c 19 cm. 
500 |a "A list of some books dealing with Egypt" : pages 244-245. 
650 0 |a Industries  |z Egypt. 
651 0 |a Egypt  |x Description and travel. 
901 |a reviewed 
942 |c BK  |2 lcc 
999 |c 15962  |d 15962